مقياس النمو النفس -اجتماعي : (رقم التسجيلة. 126394)

تفاصيل مارك
000 -الفاتح
عناصر البيانات ثابتة الطول 00822nam a22001937a 4500
005 - تاريخ ووقت آخر معاملة
حقل ضبط 20251108175117.0
008 - عناصر البيانات ثابتة الطول
عناصر البيانات ثابتة الطول 250721s2010 su gr 000 0 ara d
020 ## - الترقيم الدولي المعياري للكتب (ردمك)
الترقيم الدولي المعياري للكتب (ردمك) 9786038006269
082 14 - رقم تصنيف ديوي العشري
رقم التصنيف 155
رقم المادة غ ا م
100 1# - مدخل رئيسي – اسم شخصي
الاسم الشخصي الغامدي، حسين عبد الفتاح
علاقة الشخص بالعمل/ دوره مؤلف.
245 10 - بيان العنوان
العنوان مقياس النمو النفس -اجتماعي :
بقية العنوان مقياس لتقييم طبيغة حل أزمات النمو وفق نظرية أريكسون /
بيان المسؤولية د.حسين عبدالفتاح الغامدي.
250 ## - بيان الطبعة
بيان الطبعة الطبعة الاولى.
264 1# - بيانات النشر، التوزيع…إلخ
مكان النشر، التوزيع...إلخ الرياض :
اسم الناشر، الموزع...إلخ جامعة نايف العربية للعلوم الأمنية،
تاريخ النشر، التوزيع...إلخ 2010.
300 ## - الوصف المادي
عدد الوحدات المكونة للوعاء 100 صفحة.
650 17 - مدخل إضافي بالموضوع - مصطلح موضوعي
مصطلح موضوعي أو اسم جغرافي كعنصر مدخل علم نفس النمو.
650 17 - مدخل إضافي بالموضوع - مصطلح موضوعي
مصطلح موضوعي أو اسم جغرافي كعنصر مدخل التنمية الاجتماعية.
942 ## - بيانات إضافية (كوها)
نوع التنصيف Dewey Decimal Classification
نوع المادة (كوها) كتب
المقتنيات
حالة السحب حالة الفقدان مصدر التصنيف حالة التلف غير قابل للإعارة المكتبة الرئيسية المكتبة الحالية موقع الرف تاريخ التزويد الرقم المتسلسل Total Checkouts رقم الإستدعاء الباركود تاريخ آخر ظهور تاريخ الفاتورة نوع المادة (كوها)
    Dewey Decimal Classification     المكتبة المركزية المكتبة المركزية الإعارة 28/07/2025 1542797   155 / غ ا م PLD00262824 28/07/2025 28/07/2025 كتب
Implemented & Customized by: BBB with SCIT (Smart Chains for Information Technology)

Powered by Koha